[Event "Quebec op U2000"]
[Site "Montreal"]
[Date "2012.07.24"]
[Round "5"]
[White "Zhang, John"]
[Black "Balogh, Alex"]
[Result "1-0"]
[WhiteElo "1725"]
[BlackElo "1862"]
[PlyCount "27"]
[EventDate "2012.07.21"]
[EventType "swiss"]
[EventRounds "9"]
[EventCountry "CAN"]
[SourceTitle "EXT 2022"]
[Source "ChessBase"]
[SourceDate "2021.10.06"]
[SourceVersion "1"]
[SourceVersionDate "2021.10.06"]
[SourceQuality "1"]

1. e4 d6 2. d4 Nf6 3. Nc3 g6 4. Be3 Bg7 5. h3 0-0 6. f4 b6 7. Nf3 Bb7 8. Bd3 c5 9. dxc5 dxc5 10. e5 Nd5 11. Qd2 Nxe3 12. Qxe3 Nc6 13. 0-0-0 a6 14. Bxg6 1-0

[Event "Quebec op U2000"]
[Site "Montreal"]
[Date "2012.07.22"]
[Round "3"]
[White "Alcantara, Maximo Jr"]
[Black "Zhang, John"]
[Result "1-0"]
[WhiteElo "1757"]
[BlackElo "1725"]
[PlyCount "89"]
[EventDate "2012.07.21"]
[EventType "swiss"]
[EventRounds "9"]
[EventCountry "CAN"]
[SourceTitle "EXT 2022"]
[Source "ChessBase"]
[SourceDate "2021.10.06"]
[SourceVersion "1"]
[SourceVersionDate "2021.10.06"]
[SourceQuality "1"]

1. d4 Nf6 2. c4 g6 3. Nc3 Bg7 4. e4 d6 5. f4 0-0 6. Nf3 Na6 7. Be2 c5 8. Be3 b6 9. 0-0 Ng4 10. Bf2 Nxf2 11. Rxf2 Bg4 12. d5 Nc7 13. Kh1 a6 14. a4 a5 15. h3 Bxf3 16. Rxf3 e6 17. f5 exf5 18. exf5 Ne8 19. Qc2 Nf6 20. Raf1 Nd7 21. Ne4 Ne5 22. f6 Bh6 23. Rg3 Qd7 24. Bg4 Nxg4 25. Rxg4 Rfe8 26. Rh4 Be3 27. Qd3 Bd4 28. Ng5 h5 29. Rxh5 Re5 30. Qg3 Be3 31. Nxf7 Qxf7 32. Rxe5 dxe5 33. Qxe3 Re8 34. d6 Re6 35. d7 Rd6 36. Qxe5 Rxd7 37. Qb8+ Kh7 38. Qxb6 Qxc4 39. Qb5 Qxb5 40. axb5 Kg8 41. f7+ Kf8 42. Rf6 Rb7 43. b6 c4 44. Rc6 Rxf7 45. Rc8+ 1-0

[Event "Guelph Winter Pro-Am U2000"]
[Site "Guelph"]
[Date "2012.02.12"]
[Round "4"]
[White "Zhang, John"]
[Black "Bond, Hal"]
[Result "1-0"]
[WhiteElo "1764"]
[BlackElo "1815"]
[PlyCount "147"]
[EventDate "2012.02.10"]
[EventType "swiss"]
[EventRounds "5"]
[EventCountry "CAN"]
[SourceTitle "EXT 2022"]
[Source "ChessBase"]
[SourceDate "2021.10.06"]
[SourceVersion "1"]
[SourceVersionDate "2021.10.06"]
[SourceQuality "1"]

1. e4 Nf6 2. Nc3 e5 3. Nf3 Bb4 4. d4 exd4 5. Qxd4 Nc6 6. Qd3 0-0 7. Be2 d5 8. exd5 Qxd5 9. Bd2 Qxd3 10. Bxd3 Re8+ 11. Ne2 Bg4 12. 0-0-0 Rad8 13. Ng3 Bc5 14. Rdf1 Be6 15. Kb1 Ng4 16. Ne4 Bb6 17. Bc3 Bf5 18. Nfd2 Nce5 19. Bxe5 Rxe5 20. h3 Nf6 21. Nxf6+ gxf6 22. Bxf5 Rxd2 23. Bd3 Kg7 24. f3 Rxg2 25. Re1 Rh5 26. Be4 c6 27. Bd3 Re5 28. Be4 f5 29. Bd3 Kf6 30. b3 Rxe1+ 31. Rxe1 Rg1 32. Rxg1 Bxg1 33. Kc1 Ke5 34. Kd2 Kf4 35. Ke2 Bd4 36. c4 h6 37. a4 a5 38. Bc2 Ba7 39. Bb1 h5 40. Bc2 h4 41. Bb1 Ke5 42. Kd3 Bc5 43. Bc2 f4 44. Bd1 Be3 45. Be2 Kd6 46. Bd1 Kc5 47. Kc3 Bd4+ 48. Kd3 Bf2 49. Ke2 Bg3 50. Kd3 Kb4 51. Kc2 b5 52. cxb5 cxb5 53. axb5 Kxb5 54. Be2+ Kc5 55. Bd3 Kd4 56. Kd2 Bf2 57. Be2 Be3+ 58. Kc2 Bg1 59. Kd2 Bf2 60. Bf1 f6 61. Be2 Be3+ 62. Kc2 Bc1 63. Kxc1 Ke3 64. Kd1 Kf2 65. Kd2 Kg2 66. Ke1 Kxh3 67. Kf2 Kh2 68. Bf1 Kh1 69. Bh3 Kh2 70. Bg2 f5 71. Bf1 h3 72. Bd3 Kh1 73. Bxf5 h2 74. Bh3 1-0

[Event "Canadian op 48th U2000"]
[Site "Toronto"]
[Date "2011.07.13"]
[Round "5"]
[White "Sly, Douglas"]
[Black "Zhang, John"]
[Result "0-1"]
[WhiteElo "1545"]
[BlackElo "1629"]
[PlyCount "52"]
[EventDate "2011.07.09"]
[EventType "swiss"]
[EventRounds "9"]
[EventCountry "CAN"]
[SourceTitle "EXT 2022"]
[Source "ChessBase"]
[SourceDate "2021.10.06"]
[SourceVersion "1"]
[SourceVersionDate "2021.10.06"]
[SourceQuality "1"]

1. d4 Nf6 2. Nf3 g6 3. Bf4 Bg7 4. e3 0-0 5. Bd3 d6 6. h3 Nc6 7. c3 Re8 8. e4 Nh5 9. Be3 e5 10. 0-0 d5 11. exd5 Qxd5 12. c4 Qd8 13. dxe5 Nxe5 14. Nxe5 Bxe5 15. Qc2 Qh4 16. Nd2 Bxh3 17. f4 Bxf4 18. Bxf4 Nxf4 19. Nf3 Qg3 20. Rf2 Nxg2 21. Rxg2 Qxf3 22. Rf2 Qg3+ 23. Kh1 Rad8 24. Bf1 Bxf1 25. Raxf1 Qh3+ 26. Kg1 Re3 0-1

[Event "Scarborough CC Spring Into Summer U2000"]
[Site "Toronto"]
[Date "2011.06.23"]
[Round "8"]
[White "Super, Russell"]
[Black "Zhang, John"]
[Result "0-1"]
[WhiteElo "1419"]
[BlackElo "1612"]
[PlyCount "88"]
[EventDate "2011.04.28"]
[EventType "swiss"]
[EventRounds "9"]
[EventCountry "CAN"]
[SourceTitle "EXT 2022"]
[Source "ChessBase"]
[SourceDate "2021.10.06"]
[SourceVersion "1"]
[SourceVersionDate "2021.10.06"]
[SourceQuality "1"]

1. e4 e5 2. Nf3 Nc6 3. Bb5 a6 4. Ba4 Nf6 5. 0-0 Be7 6. Re1 b5 7. Bb3 d6 8. c3 0-0 9. d4 Bg4 10. d5 Na5 11. Bc2 h6 12. Nbd2 Nh7 13. Nf1 Ng5 14. Ng3 Nxf3+ 15. gxf3 Bh3 16. Kh1 Bg5 17. Bxg5 Qxg5 18. Rg1 g6 19. Bd3 Nb7 20. Be2 Nc5 21. Nh5 Qxh5 22. f4 Qh4 23. Bf3 Qxf4 24. Rg3 Nxe4 25. Bxe4 Qxe4+ 26. f3 Qf5 27. Qd2 Kh7 28. Rag1 Qd7 29. Qf2 Rab8 30. f4 Qf5 31. Qf3 Qxf4 32. Qxf4 exf4 33. Rxh3 Rbe8 34. Rf3 g5 35. h4 f6 36. hxg5 fxg5 37. Rg2 Re3 38. Rxe3 fxe3 39. Re2 Rf1+ 40. Kg2 Rf2+ 41. Rxf2 exf2 42. Kxf2 Kg6 43. Kg3 h5 44. b3 Kf5 0-1

[Event "Scarborough CC-ch Reserves"]
[Site "Toronto"]
[Date "2011.03.03"]
[Round "2"]
[White "Bellomo, Joe"]
[Black "Zhang, John"]
[Result "0-1"]
[WhiteElo "1767"]
[BlackElo "1612"]
[PlyCount "122"]
[EventDate "2011.02.24"]
[EventType "swiss"]
[EventRounds "9"]
[EventCountry "CAN"]
[SourceTitle "EXT 2022"]
[Source "ChessBase"]
[SourceDate "2021.10.06"]
[SourceVersion "1"]
[SourceVersionDate "2021.10.06"]
[SourceQuality "1"]

1. e4 e5 2. Nf3 Nc6 3. Bb5 a6 4. Ba4 Nf6 5. 0-0 Be7 6. Re1 b5 7. Bb3 0-0 8. c3 d6 9. h3 Na5 10. Bc2 c5 11. d3 Ne8 12. Nbd2 f5 13. Nf1 f4 14. d4 Nc6 15. d5 Na5 16. b3 Rf6 17. Ng5 Rg6 18. Ne6 Bxe6 19. dxe6 Nc7 20. b4 cxb4 21. cxb4 Nc6 22. Bb2 Bh4 23. Qf3 Nxe6 24. Bb3 Kh8 25. Rad1 Ned4 26. Bxd4 Nxd4 27. Rxd4 exd4 28. Bd5 Rc8 29. Re2 Qg5 30. e5 Rc3 31. exd6 Qd8 32. Qe4 Rc8 33. Be6 Rb8 34. d7 Rf6 35. Bg4 Rf7 36. Qd5 Re7 37. Rd2 Bf6 38. Rc2 Re5 39. Qd6 Rb6 40. Qxd4 Rb8 41. Qxf4 g5 42. Qxe5 Bxe5 43. Rc8 Kg7 44. Rxd8 Rxd8 45. Ne3 h5 46. Bf5 Kf6 47. g4 Bd4 48. Nd5+ Ke5 49. Ne7 Kd6 50. Nc6 Kxc6 51. gxh5 Kc7 52. Kg2 Rh8 53. Bg4 Bc3 54. Kf3 Bxb4 55. Ke4 Rf8 56. f3 Rf4+ 57. Ke5 Rc4 58. h6 Rc2 59. h7 Bc3+ 60. Ke6 Kd8 61. Kf7 Rxa2 0-1

[Event "Scarborough CC LH Summer U1700"]
[Site "Toronto"]
[Date "2010.06.03"]
[Round "5"]
[White "Zhang, John"]
[Black "Vyravanathan, Sobiga"]
[Result "1-0"]
[WhiteElo "1160"]
[BlackElo "1234"]
[PlyCount "71"]
[EventDate "2010.04.29"]
[EventType "swiss"]
[EventRounds "8"]
[EventCountry "CAN"]
[SourceTitle "EXT 2022"]
[Source "ChessBase"]
[SourceDate "2021.10.06"]
[SourceVersion "1"]
[SourceVersionDate "2021.10.06"]
[SourceQuality "1"]

1. e4 c5 2. Nf3 Nc6 3. d4 cxd4 4. Nxd4 d6 5. Nc3 Nf6 6. Bg5 a6 7. Bc4 Qb6 8. Nb3 Qb4 9. Bd3 Be6 10. 0-0 Bg4 11. Qd2 h6 12. Be3 Na5 13. Rfe1 e6 14. f3 Bh5 15. Qf2 Nxb3 16. axb3 d5 17. exd5 e5 18. Bb5+ Nd7 19. Ra4 Qe7 20. Bd4 f6 21. f4 Qd8 22. Bxd7+ Qxd7 23. fxe5 f5 24. e6 Qe7 25. Qxf5 Qg5 26. Qxg5 hxg5 27. Nb5 Kd8 28. d6 Be8 29. Bb6+ Kc8 30. d7+ Bxd7 31. exd7+ Kxd7 32. Rd4+ Kc6 33. Re6+ Kxb5 34. Rd5+ Bc5+ 35. Rxc5+ Kb4 36. Re4# 1-0